000 01177nam a22003737a 4500
003 OSt
005 20230629090831.0
008 170318s2016 gt||||| |||| 00| 0 spa d
040 _cLado V
082 0 4 _a700
_bJ91a
100 _aJuarez M., Juan Bautista
_9861
_eeditor
245 1 0 _aArtefacto/
_bRevista de Arte y Cultura en Blanco y Negro/
260 _aNicaragua
_bArtes Graficas y Ediciones
_c1992
300 _a76p.
_c22x28 cm
490 _a18
_v1992
505 _aMaldición proferida
505 _aDon Carlos
505 _aLa Agonía de Eros
505 _aComercio Carnal
505 _aMefistofilia
505 _aUltimas conversaciones con José Gómez Sicre
505 _aElegía Hembra
505 _aElla
505 _aEl Hombre que se Equivocó
505 _aLas Aventuras del Corazón de Jesús
505 _aPerpetuum Mobile
505 _aOcurrencias
505 _aLibros
650 _2Tesauro de Arte & Arquitectura
_aARTE
650 _2Tesauro de Arte & Arquitectura
_aCULTURA
650 _2Tesauro de Arte & Arquitectura
_aLITERATURA
700 1 _aSvankmajer.
_eilustrador.
_95749
942 _2ddc
_c1
_h700
_iJ91a
_n0
999 _c3969
_d3969